000 00498nam a2200193Ia 4500
999 _c45827
_d45827
003 GCL
005 20240530104239.0
008 140319s9999 xx 000 0 ara d
040 _aGCL /
_cGCL
082 0 4 _a170
_bم م
100 1 _aمابوت
245 1 0 _aمقدمة فى الاخلاق /
_cمابوت
300 _a228 ص
490 _a100 قصة
_v0
650 0 4 _aالفلسفة
650 0 4 _aالاخلاق - علم
700 1 _aماهر عبدالقادر محمد
942 _2ddc
_cBK